Statistics for The Impossible Quiz #3

Click here to take the quiz!

General Stats

  • This quiz has been taken 280 times
  • The average score is 1 of 7

Answer Stats

HintAnswer% Correct
What is the capital of Burkina Faso?Ouagadougou
46%
What was the name of Henry VIII fourth's wife?Anne of Cleves
39%
Type 100-70100999897969594939291908988878685848382818079787776757473727170
34%
Type the QWERTZ keyboardQwertzuiopasdfghjklyxcvbnm
13%
Type the AZERTY keyboardAzertyuiopqsdfghjklmwxcvbn
9%
Type the AZERTY keyboard backwardsNbvcxwmlkjhgfdsqpoiuytreza
5%
Who was the president of South Africa from 1979-1984?Marais Viljoen
3%

Score Distribution

Percentile by Number Answered

Percent of People with Each Score

Your Score History

You have not taken this quiz